Vitendawili kutoka makabila mbalimbali ya Tanganyika / (Record no. 13577)

MARC details
000 -LEADER
fixed length control field 00702nam a22002172 4500
001 - CONTROL NUMBER
control field 0000013113
005 - DATE AND TIME OF LATEST TRANSACTION
control field 20151217155855.0
008 - FIXED-LENGTH DATA ELEMENTS--GENERAL INFORMATION
fixed length control field 090603s xx 000 0 eng d
040 ## - CATALOGING SOURCE
Original cataloging agency KABU
Transcribing agency KABU
100 1# - MAIN ENTRY--PERSONAL NAME
Personal name Meena, E. K.
-- 0000170233
245 10 - TITLE STATEMENT
Title Vitendawili kutoka makabila mbalimbali ya Tanganyika /
Statement of responsibility, etc. kimetungwa na E. K. Meena, G. V. Mmari na H. H. Sangiwa.
250 ## - EDITION STATEMENT
Edition statement 1st ed.
260 ## - PUBLICATION, DISTRIBUTION, ETC. (IMPRINT)
Place of publication, distribution, etc. Nairobi :
Name of publisher, distributor, etc. O. U. P.,
Date of publication, distribution, etc. 1960.
300 ## - PHYSICAL DESCRIPTION
Extent iv, 27 p.
650 #0 - SUBJECT ADDED ENTRY--TOPICAL TERM
Topical term or geographic name as entry element Proverbs, Swahili.
-- 0000170234
700 1# - ADDED ENTRY--PERSONAL NAME
Personal name Mmari, G. V.
-- 0000170235
700 1# - ADDED ENTRY--PERSONAL NAME
Personal name Sangiwa, H. H.
-- 0000170236
852 1# - LOCATION
-- p100 KES
908 ## - PUT COMMAND PARAMETER (RLIN)
Put command parameter 090603
950 ## - LOCAL HOLDINGS (RLIN)
-- 1
Holdings
Withdrawn status Lost status Source of classification or shelving scheme Not for loan Home library Current library Date acquired Total Checkouts Full call number Barcode Date last seen Price effective from Koha item type
    Library of Congress Classification   Kabarak, Main Campus Kabarak, Main Campus 17/12/2015   PN6519 .S9M44 1960 c. 1 17762 17/12/2015 17/12/2015 Africana Collection
Designed with assistance from East African Informatics Ltd